Statistiques concernant Les livres les plus vendus de l'Histoire

Cliquez ici pour prendre le quiz!

Statistiques générales

  • Ce quiz a été pris 257 fois
  • Le résultat moyen est 4 sur 15

Statistiques - réponses

RangVentes approximativesLivre% Correct
1565 000 000Harry Potter et le Prince de sang-mêlé
89%
5107 000 000Harry Potter à l'école des sorciers
89%
3150 000 000Le Seigneur des Anneaux
57%
4140 000 000Le Petit Prince
38%
6100 000 000Bilbo le Hobbit
27%
7100 000 000Dix Petits Nègres
21%
1380 000 000Da Vinci Code
21%
1185 000 000Le Monde de Narnia, tome 2
17%
1283 000 000Elle
16%
1500 000 000Don Quichote
9%
9100 000 000Les Aventures d'Alice au pays des merveilles
8%
1090 000 000L'Alchimiste
5%
2200 000 000Un Conte de Deux Villes
3%
8100 000 000Le rêve dans le pavillon rouge
1%
1470 000 000Réfléchissez et devenez riche
0%

Distribution des résultats

Percentile par nombre de réponses

% des personnes avec chaque résultat

Votre développement - résultats

Vous n’avez pas pris ce quiz